NFL Ball Knowledge #9 - Statistics

General Stats
  • This quiz has been taken 183 times
  • The average score is 8 of 15
Answer Stats
Hint Answer % Correct
Ravens TE who played at Oklahoma who dropped a go ahead touchdown against the Chiefs in the 24-25 playoffs Mark Andrews
91%
HOF Steelers Defensive Tackle who has 4 Super Bowl wins and was called " Mean __ ____" Joe Greene
90%
Former Broncos DE who made Cam Newton his son in the Super Bowl Von Miller
76%
Clemson RB who is with his former college QB in Jacksonville Travis Etienne
72%
Former Jets and Panthers WR who now goes by the name "Chosen" Robbie Anderson
69%
Former Wisconsin DE who was a multiple time All Pro and DPOY JJ Watt
65%
Commanders RB who was shot and returned to play later in the 22-23 season Brian Robinson
64%
Former Browns RB who made the cover for Madden 12 Peyton Hillis
64%
Former Eagles WR who is known for having one of the best deep route runners in history. As well as win a Super Bowl with the Rams. DeSean Jackson
54%
2x All Pro DT for the Bengals from 2010-2020 who made the All 2010's team Geno Atkins
49%
Bills DT who wears number 91 and played college at Houston Ed Oliver
43%
7x Pro Bowler and 1x All Pro WR who played college at NC State and the ST Louis Rams in the Pros Torry Holt
41%
Former Panthers WR who was drafted in 2014 and was the best WR on the 2015-2016 roster Kelvin Benjamin
38%
Former Florida WR who was Tebows main target and played for the Seahawks Percy Harvin
23%
Oregon DB who is now the young star of the Patriots secondary Christian Gonzaelz
1%
No matching quizzes found
Score Distribution
Percent of People with Each Score
Percentile by Number Answered
Your Score History
You have not taken this quiz